| 000 | 00339nam a2200133Ia 4500 | ||
|---|---|---|---|
| 008 | 240624s9999 xx 000 0 und d | ||
| 041 | _aeng | ||
| 082 | _a658.87 JOS | ||
| 100 | _aJOSHI GIRDHAR | ||
| 245 | _aINFORMATION TECHNOLOGY FOR RETAIL | ||
| 260 |
_c2014 _aNew Delhi _bOxford |
||
| 300 | _av, : 401 : p. : cm. ; 26 | ||
| 365 |
_cRS _b31 |
||
| 999 |
_c24853 _d24853 |
||